Global Development Finance 2008 (Complete Print Edition) (Record no. 15558)

000 -LEADER
fixed length control field 02170cam a22003134a 4500
020 ## - INTERNATIONAL STANDARD BOOK NUMBER
ISBN 0821373900
020 ## - INTERNATIONAL STANDARD BOOK NUMBER
ISBN 9780821373910
040 ## - CATALOGING SOURCE
Transcribing agency DDC
082 ## - DEWEY DECIMAL CLASSIFICATION NUMBER
Classification number 332 THE 2008 A077 Or.
110 2# - MAIN ENTRY--CORPORATE NAME
Corporate name or jurisdiction name as entry element World Bank.
245 10 - TITLE STATEMENT
Title Global Development Finance 2008 (Complete Print Edition)
260 ## - PUBLICATION, DISTRIBUTION, ETC. (IMPRINT)
Place of publication Washington, D.C. :
Name of publisher The World Bank,
Year of publication 2008.
300 ## - PHYSICAL DESCRIPTION
Number of Pages 1 online resource (431 p.)
490 1# - SERIES STATEMENT
Series statement Global Development Finance
520 3# - SUMMARY, ETC.
Summary, etc Global Development Finance-the World Bank's annual report on the external financing of developing countries-provides monitoring and analysis of development finance, identifying key emerging trends and policy challenges in international financial flows that are likely to affect the growth prospects of developing countries. As major financial institutions currently recognize losses from the U.S. subprime mortgage market crisis and rebuild their balance sheets through a more conservative approach to lending and risk management, the central theme of this year's report will be the market for international bank credit to developing countries.It is an indispensable resource for governments, economists, investors, financial consultants, academics, bankers, and the entire development community. Vol I: Analysis and Statistical Appendix reviews recent trends in financial flows to developing countries. Vol II. Summary and Country Tables* includes comprehensive data for 138 countries, as well as summary data for regions and income groups. Also available on CD-ROM, with more than 200 historical time series from 1970 to 2006, and country group estimates for 2007.
650 #4 - SUBJECT ADDED ENTRY--TOPICAL TERM
Topical Term Access to Finance.
650 #4 - SUBJECT ADDED ENTRY--TOPICAL TERM
Topical Term Bankruptcy and Resolution of Financial Distress.
650 #4 - SUBJECT ADDED ENTRY--TOPICAL TERM
Topical Term Banks and Banking Reform.
650 #4 - SUBJECT ADDED ENTRY--TOPICAL TERM
Topical Term Debt Markets.
650 #4 - SUBJECT ADDED ENTRY--TOPICAL TERM
Topical Term Economic Theory and Research.
650 #4 - SUBJECT ADDED ENTRY--TOPICAL TERM
Topical Term External Debt.
650 #4 - SUBJECT ADDED ENTRY--TOPICAL TERM
Topical Term Finance and Financial Sector Development.
650 #4 - SUBJECT ADDED ENTRY--TOPICAL TERM
Topical Term International Economics & Trade.
650 #4 - SUBJECT ADDED ENTRY--TOPICAL TERM
Topical Term Macroeconomics and Economic Growth.
650 #4 - SUBJECT ADDED ENTRY--TOPICAL TERM
Topical Term Strategic Debt Management.
710 2# - ADDED ENTRY--CORPORATE NAME
Corporate name or jurisdiction name as entry element World Bank.
856 40 - ELECTRONIC LOCATION AND ACCESS
Uniform Resource Identifier http://elibrary.worldbank.org/content/book/9780821373903
942 ## - ADDED ENTRY ELEMENTS (KOHA)
Koha item type សៀវភៅភាសាអង់គ្លេស
952 ## - LOCATION AND ITEM INFORMATION (KOHA)
Withdrawn status [LOCAL, KOHA] 0
Holdings
Permanent Location Date acquired Koha item type Lost status Shelving location Barcode Current Location Full call number
Library Block A2017-11-29សៀវភៅភាសាអង់គ្លេស A077A07535Library Block A332 THE 2008 A077 Or.
មជ្ឈមណ្ឌលឯការនៃសាកលវិទ្យាល័យភូមិន្ទកសិកម្មចំការដូង

Powered by Koha